00341nam a22001217a 4500008004100000050002400041100001800065245003800083250001100121260005600132300001600188650001500204171205b xxu||||| |||| 00| 0 eng d aAFR PR 9381.9 .G4M9 aGenda, Idowu. aMy Heart On Trial /cIdowu, Genda a1st ed aKenya:bEast African Educational Publishers,c2012. a182p.c20cm aLiterature